Málaga CF Squad 2016-2017 - Statistics

General Stats
  • This quiz has been taken 12 times
    11 since last reset
  • The average score is 22 of 31
Answer Stats
# Position Nation Player % Correct
1 GK Cameroon Carlos Kameni
100%
18 DF Venezuela Roberto Rosales
100%
26 FW Morocco Youssef En-Nesyri
100%
2 DF Burkina Faso Bakary Koné
90%
17 MF Portugal Duda
90%
15 DF Uruguay Federico Ricca
90%
6 MF Spain Ignacio Camacho
90%
9 FW Brazil Charles Dias
80%
11 FW Uruguay Chory Castro
80%
7 DF Spain Juankar
80%
10 MF Venezuela Juanpi Añor
80%
3 DF Argentina Martín Demichelis
80%
4 DF Venezuela Mikel Villanueva
80%
22 MF Serbia Zdravko Kuzmanović
80%
13 GK Ukraine Denys Boyko
70%
- Coach Spain Míchel González
70%
23 DF Spain Miguel Torres
70%
14 MF Spain Recio
70%
3 DF Brazil Weligton
70%
39 FW Spain Javi Ontiveros
60%
21 FW Spain Jony
60%
- Coach Spain Juande Ramos
60%
20 FW Spain Keko
60%
31 MF Spain Pablo Fornals
60%
19 FW Spain Sandro Ramírez
60%
16 FW Venezuela Adalberto Peñaranda
50%
24 DF Spain Luis Hernández
50%
- Coach Uruguay Marcelo Romero
50%
8 FW Uruguay Michael Santos
50%
5 DF Spain Diego Llorente
40%
25 MF Spain José Rodríguez
40%
No matching quizzes found
Score Distribution
Percent of People with Each Score
Percentile by Number Answered
Your Score History
You have not taken this quiz since the last reset